006600000a22001930004500003001100000005001700011008004100028040003900069041000800108082001700116100002400133245011300157260003200270300004900302490003500351650004200386650002100428700001700449LK-CoMWRAF20240701100807.0230817t1994 ||||| |||| 00| 0 eng d aLK-CoMWRAFdLK-CoMWRAFeLK-CoMWRAF aeng a347.954bALI aAli, Shaheen Sardar aBlind justice for all? parallel judicial systems in Pakistanbimplications and consequences for human rights aLahore:bShirkat gah,c1994 a31 p. : ill. ; 28 cm.bBibliography included aSpecial bulletinvOctober 1994 aJustice, Administration of -Pakistan  aCourts- Pakistan aArif, Kamran